[Event "European Women's Championship"]
[Site "Vysoke Tatry"]
[Date "2018.04.08"]
[Round "1"]
[White "Dwilewicz, Katarzyna"]
[Black "Belenkaya, Dina"]
[Result "1/2-1/2"]
[Board "67"]
[WhiteElo "1967"]
[WhiteTitle "WFM"]
[WhiteCountry "POL"]
[WhiteFideId "1148486"]
[WhiteEloChange "8"]
[BlackElo "2308"]
[BlackTitle "WGM"]
[BlackCountry "RUS"]
[BlackFideId "24142654"]
[BlackEloChange "-8"]

1. d4 {[%clk 1:30:57]} d5 {[%clk 1:30:54]} 2. c4 {[%clk 1:31:18]} dxc4 {[%clk
1:31:19]} 3. e3 {[%clk 1:31:36]} Nf6 {[%clk 1:31:28]} 4. Bxc4 {[%clk 1:31:46]} e6
{[%clk 1:31:52]} 5. Nf3 {[%clk 1:31:38]} a6 {[%clk 1:32:15]} 6. O-O {[%clk
1:31:42]} c5 {[%clk 1:32:43]} 7. Qe2 {[%clk 1:31:20]} b5 {[%clk 1:32:18]} 8. Bb3
{[%clk 1:31:04]} Bb7 {[%clk 1:32:04]} 9. Rd1 {[%clk 1:24:50]} Nbd7 {[%clk
1:32:15]} 10. Nc3 {[%clk 1:25:09]} Qb8 {[%clk 1:31:56]} 11. d5 {[%clk 1:23:39]}
c4 {[%clk 1:20:11]} 12. dxe6 {[%clk 1:22:56]} fxe6 {[%clk 1:20:11]} 13. Bc2
{[%clk 1:23:16]} Bd6 {[%clk 1:19:21]} 14. h3 {[%clk 1:19:20]} O-O {[%clk
1:16:59]} 15. a3 {[%clk 1:16:00]} Qc7 {[%clk 1:14:31]} 16. e4 {[%clk 1:10:48]}
Rad8 {[%clk 1:09:11]} 17. Bg5 {[%clk 1:05:42]} Bc5 {[%clk 0:58:22]} 18. Rd2
{[%clk 0:58:57]} Ne5 {[%clk 0:52:40]} 19. Rxd8 {[%clk 0:41:46]} Rxd8 {[%clk
0:51:45]} 20. Nxe5 {[%clk 0:38:02]} Qxe5 {[%clk 0:52:08]} 21. Be3 {[%clk
0:38:21]} Nh5 {[%clk 0:42:27]} 22. Bxc5 {[%clk 0:34:49]} Qxc5 {[%clk 0:42:55]}
23. Rd1 {[%clk 0:35:04]} Rxd1+ {[%clk 0:38:51]} 24. Qxd1 {[%clk 0:35:29]} Nf6
{[%clk 0:31:00]} 25. Qd2 {[%clk 0:32:42]} e5 {[%clk 0:29:13]} 26. Qd8+ {[%clk
0:28:13]} Kf7 {[%clk 0:27:53]} 27. Qb8 {[%clk 0:27:39]} Qe7 {[%clk 0:22:54]} 28.
f4 {[%clk 0:24:46]} exf4 {[%clk 0:21:46]} 29. Qxf4 {[%clk 0:25:14]} Qc5+ {[%clk
0:19:35]} 30. Kh1 {[%clk 0:22:33]} Qd4 {[%clk 0:16:24]} 31. Qc7+ {[%clk 0:22:33]}
Qd7 {[%clk 0:16:50]} 32. Qf4 {[%clk 0:20:31]} a5 {[%clk 0:13:26]} 33. Kh2 {[%clk
0:19:13]} Kg8 {[%clk 0:07:25]} 34. e5 {[%clk 0:10:09]} Ne8 {[%clk 0:05:49]} 35.
Bf5 {[%clk 0:09:19]} Qc6 {[%clk 0:03:34]} 36. Be4 {[%clk 0:09:30]} Qb6 {[%clk
0:03:45]} 37. Bd5+ {[%clk 0:00:44]} Bxd5 {[%clk 0:04:04]} 38. Nxd5 {[%clk
0:01:13]} Qe6 {[%clk 0:03:18]} 39. Ne3 {[%clk 0:01:00]} a4 {[%clk 0:00:56]} 40.
Nf5 {[%clk 0:31:05]} Nc7 {[%clk 0:30:42]} 41. Nd4 {[%clk 0:30:40]} Qd5 {[%clk
0:24:29]} 42. Nf5 {[%clk 0:25:17]} Qd7 {[%clk 0:18:48]} 43. Nd6 {[%clk 0:22:20]}
Qe6 {[%clk 0:17:05]} 44. Qg5 {[%clk 0:20:59]} h6 {[%clk 0:14:20]} 45. Qd8+ {[%clk
0:19:26]} Kh7 {[%clk 0:14:30]} 46. Qxc7 {[%clk 0:19:49]} Qxe5+ {[%clk 0:14:58]}
47. Kh1 {[%clk 0:20:08]} Qe1+ {[%clk 0:15:22]} 48. Kh2 {[%clk 0:20:34]} Qe5+
{[%clk 0:15:48]} 1/2-1/2

[Event "European Women's Championship"]
[Site "Vysoke Tatry"]
[Date "2018.04.08"]
[Round "1"]
[White "Brunello, Marina"]
[Black "Slaba, Andrea"]
[Result "1-0"]
[Board "68"]
[WhiteElo "2307"]
[WhiteTitle "FM"]
[WhiteCountry "ITA"]
[WhiteFideId "822590"]
[WhiteEloChange "2"]
[BlackElo "1924"]
[BlackCountry "SVK"]
[BlackFideId "14940680"]
[BlackEloChange "-2"]

1. e4 {[%clk 1:30:55]} b6 {[%clk 1:30:50]} 2. d4 {[%clk 1:28:51]} Bb7 {[%clk
1:31:14]} 3. Bd3 {[%clk 1:26:49]} e6 {[%clk 1:31:03]} 4. Nf3 {[%clk 1:26:31]} Nf6
{[%clk 1:30:23]} 5. e5 {[%clk 1:25:53]} Nd5 {[%clk 1:27:27]} 6. a3 {[%clk
1:25:22]} d6 {[%clk 1:23:21]} 7. O-O {[%clk 1:21:43]} Nd7 {[%clk 1:20:04]} 8. Qe2
{[%clk 1:21:00]} dxe5 {[%clk 1:17:57]} 9. dxe5 {[%clk 1:20:10]} c6 {[%clk
1:07:50]} 10. c4 {[%clk 1:15:44]} Ne7 {[%clk 1:05:53]} 11. Bf4 {[%clk 1:11:12]}
Ng6 {[%clk 1:01:51]} 12. Bg3 {[%clk 1:11:38]} Be7 {[%clk 1:01:23]} 13. Nc3 {[%clk
1:11:12]} O-O {[%clk 0:55:00]} 14. Bc2 {[%clk 0:50:59]} Qc7 {[%clk 0:51:03]} 15.
h4 {[%clk 0:43:57]} Rfd8 {[%clk 0:46:08]} 16. h5 {[%clk 0:43:35]} Ngf8 {[%clk
0:46:33]} 17. Nh2 {[%clk 0:41:00]} Bc5 {[%clk 0:32:03]} 18. Rad1 {[%clk 0:37:39]}
f5 {[%clk 0:30:16]} 19. Bh4 {[%clk 0:31:29]} Re8 {[%clk 0:30:37]} 20. b4 {[%clk
0:28:39]} Be7 {[%clk 0:31:02]} 21. Bxe7 {[%clk 0:29:01]} Rxe7 {[%clk 0:31:31]}
22. Nf3 {[%clk 0:25:51]} a5 {[%clk 0:30:44]} 23. Bb3 {[%clk 0:25:44]} axb4 {[%clk
0:30:50]} 24. axb4 {[%clk 0:26:09]} Ree8 {[%clk 0:30:13]} 25. Rfe1 {[%clk
0:24:05]} Ra3 {[%clk 0:30:22]} 26. Rb1 {[%clk 0:23:23]} Raa8 {[%clk 0:29:57]} 27.
Qe3 {[%clk 0:22:11]} Qd8 {[%clk 0:27:55]} 28. c5 {[%clk 0:22:02]} b5 {[%clk
0:27:37]} 29. Ne2 {[%clk 0:21:42]} Qe7 {[%clk 0:27:22]} 30. Nf4 {[%clk 0:20:28]}
Nb8 {[%clk 0:26:32]} 31. Nd4 {[%clk 0:20:40]} Qf7 {[%clk 0:24:29]} 32. Rbd1
{[%clk 0:18:06]} Bc8 {[%clk 0:24:10]} 33. Nc2 {[%clk 0:18:06]} g5 {[%clk
0:21:12]} 34. hxg6 {[%clk 0:18:16]} hxg6 {[%clk 0:21:41]} 35. Nh3 {[%clk
0:18:20]} Nh7 {[%clk 0:20:47]} 36. Rd6 {[%clk 0:16:47]} Kg7 {[%clk 0:18:12]} 37.
Nd4 {[%clk 0:16:27]} Bd7 {[%clk 0:17:53]} 38. Rd1 {[%clk 0:16:28]} Ra7 {[%clk
0:17:24]} 39. Qg3 {[%clk 0:13:55]} Kh6 {[%clk 0:13:47]} 40. Nf4 {[%clk 0:42:55]}
Nf8 {[%clk 0:42:35]} 41. Qh4+ {[%clk 0:40:23]} Kg7 {[%clk 0:40:02]} 42. Qg5
{[%clk 0:37:26]} Kh7 {[%clk 0:39:32]} 43. Rd3 {[%clk 0:37:43]} Kg8 {[%clk
0:38:02]} 44. Rg3 {[%clk 0:37:36]} Ra1+ {[%clk 0:38:10]} 45. Kh2 {[%clk 0:38:02]}
Qh7+ {[%clk 0:36:56]} 46. Rh3 {[%clk 0:38:27]} Qg7 {[%clk 0:36:44]} 47. Ndxe6
{[%clk 0:37:13]} Bxe6 {[%clk 0:34:31]} 48. Nxe6 {[%clk 0:37:19]} Qxe5+ {[%clk
0:32:09]} 49. Nf4+ {[%clk 0:37:08]} 1-0

[Event "European Women's Championship"]
[Site "Vysoke Tatry"]
[Date "2018.04.08"]
[Round "1"]
[White "Chan, Naruna"]
[Black "Warakomska, Anna"]
[Result "0-1"]
[Board "69"]
[WhiteElo "1909"]
[WhiteCountry "RUS"]
[WhiteFideId "24124290"]
[WhiteEloChange "-2"]
[BlackElo "2306"]
[BlackTitle "WIM"]
[BlackCountry "POL"]
[BlackFideId "1130790"]
[BlackEloChange "2"]

1. e4 {[%clk 1:30:56]} e5 {[%clk 1:30:31]} 2. Nf3 {[%clk 1:31:16]} Nc6 {[%clk
1:30:58]} 3. Bc4 {[%clk 1:30:46]} Bc5 {[%clk 1:30:31]} 4. c3 {[%clk 1:30:25]} Nf6
{[%clk 1:25:24]} 5. d4 {[%clk 1:30:14]} exd4 {[%clk 1:25:36]} 6. e5 {[%clk
1:30:30]} d5 {[%clk 1:25:30]} 7. Bb5 {[%clk 1:30:46]} Ne4 {[%clk 1:25:30]} 8.
cxd4 {[%clk 1:30:57]} Bb6 {[%clk 1:24:14]} 9. Nc3 {[%clk 1:27:19]} O-O {[%clk
1:21:23]} 10. Be3 {[%clk 1:24:24]} Bg4 {[%clk 1:09:07]} 11. h3 {[%clk 1:21:45]}
Bxf3 {[%clk 0:59:57]} 12. gxf3 {[%clk 1:20:09]} Nxc3 {[%clk 0:59:30]} 13. bxc3
{[%clk 1:20:35]} f6 {[%clk 0:59:31]} 14. f4 {[%clk 1:14:53]} fxe5 {[%clk
0:50:26]} 15. fxe5 {[%clk 1:13:28]} Ne7 {[%clk 0:48:08]} 16. Qg4 {[%clk 0:53:05]}
Nf5 {[%clk 0:33:35]} 17. Rg1 {[%clk 0:43:38]} Qe7 {[%clk 0:25:08]} 18. Bg5 {[%clk
0:36:59]} Qa3 {[%clk 0:20:19]} 19. Rc1 {[%clk 0:34:32]} Bxd4 {[%clk 0:05:46]} 20.
cxd4 {[%clk 0:24:02]} Qb4+ {[%clk 0:06:13]} 21. Bd2 {[%clk 0:23:19]} Qxb5 {[%clk
0:06:41]} 22. Rxc7 {[%clk 0:23:22]} Qb1+ {[%clk 0:07:07]} 23. Rc1 {[%clk
0:09:21]} Qxa2 {[%clk 0:06:24]} 24. Bh6 {[%clk 0:04:38]} Qa5+ {[%clk 0:06:49]}
25. Kf1 {[%clk 0:02:44]} Qa6+ {[%clk 0:07:14]} 0-1

[Event "European Women's Championship"]
[Site "Vysoke Tatry"]
[Date "2018.04.08"]
[Round "1"]
[White "Doluhanova, Evgeniya"]
[Black "Koubova, Anna Marie"]
[Result "1-0"]
[Board "70"]
[WhiteElo "2304"]
[WhiteTitle "WGM"]
[WhiteCountry "UKR"]
[WhiteFideId "14112035"]
[WhiteEloChange "2"]
[BlackElo "1819"]
[BlackCountry "CZE"]
[BlackFideId "381470"]
[BlackEloChange "-2"]

1. d4 {[%clk 1:30:57]} d5 {[%clk 1:30:51]} 2. Bf4 {[%clk 1:31:21]} c5 {[%clk
1:31:09]} 3. e3 {[%clk 1:31:31]} Nc6 {[%clk 1:30:54]} 4. c3 {[%clk 1:27:22]} Qb6
{[%clk 1:29:59]} 5. Na3 {[%clk 1:17:23]} a6 {[%clk 1:26:17]} 6. Qb3 {[%clk
1:13:43]} Qxb3 {[%clk 1:10:42]} 7. axb3 {[%clk 1:14:08]} Bf5 {[%clk 1:10:32]} 8.
Nf3 {[%clk 1:10:41]} e6 {[%clk 1:08:26]} 9. dxc5 {[%clk 1:03:02]} Bxc5 {[%clk
1:06:24]} 10. b4 {[%clk 1:03:09]} Be7 {[%clk 1:00:37]} 11. Nb5 {[%clk 1:02:47]}
O-O-O {[%clk 0:55:29]} 12. Nbd4 {[%clk 0:59:35]} Nxd4 {[%clk 0:49:47]} 13. Nxd4
{[%clk 0:59:35]} Bd6 {[%clk 0:49:20]} 14. Bxd6 {[%clk 0:59:04]} Rxd6 {[%clk
0:49:38]} 15. b5 {[%clk 0:57:06]} axb5 {[%clk 0:47:05]} 16. Ra8+ {[%clk 0:57:28]}
Kd7 {[%clk 0:47:14]} 17. Bxb5+ {[%clk 0:57:49]} Ke7 {[%clk 0:43:19]} 18. Re8+
{[%clk 0:54:39]} Kf6 {[%clk 0:43:33]} 19. O-O {[%clk 0:52:25]} g6 {[%clk
0:42:13]} 20. Ra1 {[%clk 0:51:01]} Rb6 {[%clk 0:41:28]} 21. f4 {[%clk 0:46:22]}
Kg7 {[%clk 0:37:18]} 22. Raa8 {[%clk 0:46:22]} h6 {[%clk 0:27:47]} 23. Rad8
{[%clk 0:35:22]} g5 {[%clk 0:25:41]} 24. b3 {[%clk 0:32:11]} Bg6 {[%clk 0:24:08]}
25. c4 {[%clk 0:31:02]} dxc4 {[%clk 0:20:25]} 26. bxc4 {[%clk 0:31:14]} Bd3
{[%clk 0:17:55]} 27. Kf2 {[%clk 0:28:44]} g4 {[%clk 0:16:03]} 28. h4 {[%clk
0:26:55]} h5 {[%clk 0:12:45]} 29. g3 {[%clk 0:27:05]} Kh7 {[%clk 0:12:23]} 30.
Ke1 {[%clk 0:27:24]} 1-0

[Event "European Women's Championship"]
[Site "Vysoke Tatry"]
[Date "2018.04.08"]
[Round "1"]
[White "Nadzamova, Viktoria"]
[Black "Gvanceladze, Anna"]
[Result "1/2-1/2"]
[Board "71"]
[WhiteElo "1766"]
[WhiteTitle "WCM"]
[WhiteCountry "SVK"]
[WhiteFideId "14943999"]
[WhiteEloChange "8"]
[BlackElo "2302"]
[BlackTitle "WFM"]
[BlackCountry "RUS"]
[BlackFideId "4113721"]
[BlackEloChange "-8"]

1. e4 {[%clk 1:30:57]} c6 {[%clk 1:30:55]} 2. d4 {[%clk 1:31:22]} d5 {[%clk
1:31:20]} 3. e5 {[%clk 1:31:46]} c5 {[%clk 1:31:45]} 4. dxc5 {[%clk 1:32:01]} Nc6
{[%clk 1:32:01]} 5. a3 {[%clk 1:31:55]} Nxe5 {[%clk 1:32:18]} 6. b4 {[%clk
1:32:16]} Nf6 {[%clk 1:32:32]} 7. Bb2 {[%clk 1:32:03]} Nc6 {[%clk 1:32:55]} 8.
Nf3 {[%clk 1:32:07]} Bg4 {[%clk 1:32:53]} 9. Be2 {[%clk 1:29:59]} e6 {[%clk
1:32:17]} 10. O-O {[%clk 1:29:25]} Be7 {[%clk 1:31:59]} 11. h3 {[%clk 1:27:02]}
Bh5 {[%clk 1:29:48]} 12. Nbd2 {[%clk 1:23:43]} O-O {[%clk 1:27:38]} 13. c4 {[%clk
1:19:32]} Qc7 {[%clk 1:24:54]} 14. Nd4 {[%clk 1:07:41]} Bg6 {[%clk 1:19:57]} 15.
cxd5 {[%clk 1:03:11]} exd5 {[%clk 1:11:17]} 16. N2f3 {[%clk 0:59:36]} a5 {[%clk
0:55:52]} 17. Qb3 {[%clk 0:51:49]} Rfd8 {[%clk 0:47:42]} 18. Rfd1 {[%clk
0:49:19]} Ne4 {[%clk 0:40:02]} 19. Nb5 {[%clk 0:42:36]} Qf4 {[%clk 0:37:37]} 20.
Bc1 {[%clk 0:18:05]} Qb8 {[%clk 0:36:18]} 21. Bb2 {[%clk 0:15:02]} b6 {[%clk
0:12:56]} 22. Rxd5 {[%clk 0:13:03]} bxc5 {[%clk 0:12:41]} 23. Rxd8+ {[%clk
0:13:02]} Qxd8 {[%clk 0:12:21]} 24. bxa5 {[%clk 0:11:59]} Nxa5 {[%clk 0:12:08]}
25. Qe3 {[%clk 0:11:37]} c4 {[%clk 0:07:34]} 26. Rd1 {[%clk 0:11:07]} Qb8 {[%clk
0:07:28]} 27. a4 {[%clk 0:10:54]} Bc5 {[%clk 0:07:14]} 28. Bd4 {[%clk 0:10:58]}
Qb6 {[%clk 0:06:31]} 29. Bxc5 {[%clk 0:10:37]} Qxc5 {[%clk 0:06:52]} 30. Qxc5
{[%clk 0:09:24]} Nxc5 {[%clk 0:07:21]} 31. Ne5 {[%clk 0:09:16]} Bc2 {[%clk
0:05:51]} 32. Rd5 {[%clk 0:09:17]} Nxa4 {[%clk 0:04:41]} 33. Nxc4 {[%clk
0:06:40]} Nxc4 {[%clk 0:02:50]} 34. Bxc4 {[%clk 0:05:05]} Nb6 {[%clk 0:03:00]}
35. Rc5 {[%clk 0:05:02]} Nxc4 {[%clk 0:02:20]} 36. Rxc4 {[%clk 0:05:26]} Bd3
{[%clk 0:02:41]} 37. Rc5 {[%clk 0:05:45]} Kf8 {[%clk 0:01:23]} 38. Nd6 {[%clk
0:05:45]} Ke7 {[%clk 0:00:54]} 39. Nf5+ {[%clk 0:05:33]} Kf6 {[%clk 0:01:05]} 40.
g4 {[%clk 0:35:30]} Ra1+ {[%clk 0:31:02]} 41. Kh2 {[%clk 0:35:01]} h5 {[%clk
0:16:22]} 42. Rc6+ {[%clk 0:33:26]} Kg5 {[%clk 0:14:03]} 43. Nxg7 {[%clk
0:31:35]} hxg4 {[%clk 0:07:57]} 44. Rc5+ {[%clk 0:30:22]} f5 {[%clk 0:05:08]} 45.
Ne6+ {[%clk 0:21:59]} Kf6 {[%clk 0:05:26]} 46. Nf4 {[%clk 0:22:19]} Be4 {[%clk
0:05:40]} 47. hxg4 {[%clk 0:21:04]} Rh1+ {[%clk 0:05:42]} 48. Kg3 {[%clk
0:21:29]} Rg1+ {[%clk 0:06:02]} 49. Kh2 {[%clk 0:19:37]} Rxg4 {[%clk 0:05:33]}
50. Nh5+ {[%clk 0:19:57]} Kg5 {[%clk 0:02:27]} 51. Ng3 {[%clk 0:20:08]} Bd3
{[%clk 0:02:39]} 52. Rd5 {[%clk 0:18:05]} Bc2 {[%clk 0:01:47]} 53. Rc5 {[%clk
0:16:33]} Bb1 {[%clk 0:01:26]} 54. Rb5 {[%clk 0:16:49]} Bc2 {[%clk 0:01:09]} 55.
Rc5 {[%clk 0:17:12]} Bb1 {[%clk 0:01:32]} 1/2-1/2

[Event "European Women's Championship"]
[Site "Vysoke Tatry"]
[Date "2018.04.08"]
[Round "1"]
[White "Eric, Jovana"]
[Black "Serakova, Tatana"]
[Result "1-0"]
[Board "72"]
[WhiteElo "2300"]
[WhiteTitle "WIM"]
[WhiteCountry "SRB"]
[WhiteFideId "938238"]
[WhiteEloChange "2"]
[BlackElo "1633"]
[BlackCountry "CZE"]
[BlackFideId "377856"]
[BlackEloChange "-2"]

1. e4 {[%clk 1:30:57]} c5 {[%clk 1:30:52]} 2. Nf3 {[%clk 1:31:16]} e6 {[%clk
1:31:07]} 3. b3 {[%clk 1:30:54]} a6 {[%clk 1:29:21]} 4. Bb2 {[%clk 1:30:42]} Nc6
{[%clk 1:28:30]} 5. d4 {[%clk 1:29:46]} cxd4 {[%clk 1:28:43]} 6. Nxd4 {[%clk
1:30:10]} Qc7 {[%clk 1:24:32]} 7. Nc3 {[%clk 1:28:24]} Nf6 {[%clk 1:16:30]} 8.
Nxc6 {[%clk 1:25:31]} Qxc6 {[%clk 1:16:22]} 9. Qf3 {[%clk 1:24:41]} b5 {[%clk
1:03:36]} 10. O-O-O {[%clk 1:15:37]} Bb7 {[%clk 0:51:37]} 11. Bd3 {[%clk
1:09:27]} b4 {[%clk 0:36:58]} 12. Na4 {[%clk 0:54:54]} Nxe4 {[%clk 0:24:03]} 13.
Rhe1 {[%clk 0:49:54]} Nc5 {[%clk 0:15:38]} 14. Qe2 {[%clk 0:38:27]} Nxd3+ {[%clk
0:12:22]} 15. Qxd3 {[%clk 0:38:51]} O-O-O {[%clk 0:12:03]} 16. Qg3 {[%clk
0:34:09]} Rg8 {[%clk 0:10:23]} 17. Bd4 {[%clk 0:29:18]} Bd6 {[%clk 0:05:15]} 18.
Qd3 {[%clk 0:29:08]} Bf4+ {[%clk 0:04:57]} 19. Kb1 {[%clk 0:29:23]} Bc7 {[%clk
0:03:37]} 20. c3 {[%clk 0:24:18]} a5 {[%clk 0:03:45]} 21. cxb4 {[%clk 0:24:13]}
axb4 {[%clk 0:03:53]} 22. Rc1 {[%clk 0:24:29]} Ba6 {[%clk 0:03:26]} 23. Qe3
{[%clk 0:24:06]} Qb5 {[%clk 0:03:04]} 24. Bb6 {[%clk 0:23:06]} Qd3+ {[%clk
0:02:21]} 25. Qxd3 {[%clk 0:23:20]} Bxd3+ {[%clk 0:02:46]} 26. Kb2 {[%clk
0:23:46]} d5 {[%clk 0:01:00]} 27. Rxc7+ {[%clk 0:22:11]} 1-0

[Event "European Women's Championship"]
[Site "Vysoke Tatry"]
[Date "2018.04.09"]
[Round "2"]
[White "Muzychuk, Mariya"]
[Black "Fataliyeva, Ulviyya"]
[Result "1-0"]
[Board "1"]
[WhiteElo "2540"]
[WhiteTitle "GM"]
[WhiteCountry "UKR"]
[WhiteFideId "14114550"]
[WhiteEloChange "3"]
[BlackElo "2361"]
[BlackTitle "WGM"]
[BlackCountry "AZE"]
[BlackFideId "13403052"]
[BlackEloChange "-5"]

1. c4 {[%clk 1:30:54]} e6 {[%clk 1:30:58]} 2. Nc3 {[%clk 1:31:04]} d5 {[%clk
1:31:26]} 3. d4 {[%clk 1:30:03]} c5 {[%clk 1:31:49]} 4. cxd5 {[%clk 1:27:47]}
exd5 {[%clk 1:32:16]} 5. Nf3 {[%clk 1:27:12]} Nc6 {[%clk 1:32:43]} 6. dxc5 {[%clk
1:21:20]} d4 {[%clk 1:32:55]} 7. Na4 {[%clk 1:21:01]} Nf6 {[%clk 1:31:46]} 8. e3
{[%clk 1:18:42]} Bg4 {[%clk 0:51:07]} 9. Be2 {[%clk 1:15:35]} Bxf3 {[%clk
0:49:47]} 10. Bxf3 {[%clk 1:15:10]} d3 {[%clk 0:49:21]} 11. Bd2 {[%clk 1:03:16]}
Qd7 {[%clk 0:41:57]} 12. Bc3 {[%clk 1:02:44]} Rd8 {[%clk 0:38:58]} 13. O-O {[%clk
1:01:54]} Be7 {[%clk 0:37:41]} 14. b4 {[%clk 0:57:51]} a6 {[%clk 0:21:25]} 15.
Qb3 {[%clk 0:49:06]} O-O {[%clk 0:19:38]} 16. Rad1 {[%clk 0:48:18]} Qf5 {[%clk
0:19:17]} 17. Qc4 {[%clk 0:47:42]} Qg6 {[%clk 0:13:02]} 18. Rd2 {[%clk 0:44:50]}
Nd7 {[%clk 0:12:05]} 19. Qxd3 {[%clk 0:40:19]} Nde5 {[%clk 0:11:48]} 20. Qxg6
{[%clk 0:40:36]} Nxf3+ {[%clk 0:12:11]} 21. gxf3 {[%clk 0:41:03]} fxg6 {[%clk
0:12:32]} 22. Rxd8 {[%clk 0:41:01]} Rxd8 {[%clk 0:12:41]} 23. Rb1 {[%clk
0:40:32]} Na7 {[%clk 0:11:19]} 24. Kf1 {[%clk 0:36:08]} Nb5 {[%clk 0:07:36]} 25.
Ke2 {[%clk 0:36:28]} Bh4 {[%clk 0:07:59]} 26. Bb2 {[%clk 0:30:59]} a5 {[%clk
0:01:59]} 27. Nc3 {[%clk 0:26:31]} Nxc3+ {[%clk 0:01:51]} 28. Bxc3 {[%clk
0:26:57]} axb4 {[%clk 0:02:14]} 29. Rxb4 {[%clk 0:27:10]} 1-0

[Event "European Women's Championship"]
[Site "Vysoke Tatry"]
[Date "2018.04.09"]
[Round "2"]
[White "Dzagnidze, Nana"]
[Black "Mamedjarova, Zeinab"]
[Result "1-0"]
[Board "2"]
[WhiteElo "2507"]
[WhiteTitle "GM"]
[WhiteCountry "GEO"]
[WhiteFideId "13601903"]
[WhiteEloChange "3"]
[BlackElo "2355"]
[BlackTitle "WGM"]
[BlackCountry "AZE"]
[BlackFideId "13401521"]
[BlackEloChange "-6"]

1. e4 {[%clk 1:30:56]} d5 {[%clk 1:29:59]} 2. exd5 {[%clk 1:31:19]} Qxd5 {[%clk
1:30:07]} 3. Nc3 {[%clk 1:31:39]} Qd8 {[%clk 1:30:19]} 4. d4 {[%clk 1:31:44]} Nf6
{[%clk 1:30:00]} 5. Nf3 {[%clk 1:31:32]} e6 {[%clk 1:27:45]} 6. Bc4 {[%clk
1:31:03]} Be7 {[%clk 1:26:58]} 7. O-O {[%clk 1:31:20]} O-O {[%clk 1:27:14]} 8.
Qe2 {[%clk 1:30:31]} Nc6 {[%clk 1:20:42]} 9. Rd1 {[%clk 1:26:11]} Nd5 {[%clk
1:14:05]} 10. Ne5 {[%clk 1:14:37]} Nxe5 {[%clk 0:52:42]} 11. dxe5 {[%clk
1:14:32]} c6 {[%clk 0:51:31]} 12. Ne4 {[%clk 1:00:16]} Qc7 {[%clk 0:47:19]} 13.
Ng5 {[%clk 1:00:28]} h6 {[%clk 0:41:37]} 14. Nf3 {[%clk 1:00:50]} f6 {[%clk
0:35:46]} 15. exf6 {[%clk 0:56:18]} Rxf6 {[%clk 0:36:03]} 16. Bd3 {[%clk
0:27:48]} Bd7 {[%clk 0:27:07]} 17. c4 {[%clk 0:23:49]} Nb6 {[%clk 0:21:07]} 18.
b3 {[%clk 0:20:53]} e5 {[%clk 0:15:12]} 19. Bb2 {[%clk 0:20:59]} Re8 {[%clk
0:14:42]} 20. Qxe5 {[%clk 0:18:40]} Bd6 {[%clk 0:14:38]} 21. Qh5 {[%clk 0:18:42]}
Rxf3 {[%clk 0:10:16]} 22. gxf3 {[%clk 0:17:41]} Bf8 {[%clk 0:07:52]} 23. Re1
{[%clk 0:17:15]} Qd8 {[%clk 0:02:47]} 24. Qg6 {[%clk 0:17:06]} Qg5+ {[%clk
0:01:28]} 25. Qxg5 {[%clk 0:17:17]} hxg5 {[%clk 0:01:34]} 26. Bg6 {[%clk
0:17:06]} Rc8 {[%clk 0:00:36]} 27. Rad1 {[%clk 0:17:21]} c5 {[%clk 0:00:33]} 28.
Re5 {[%clk 0:16:32]} g4 {[%clk 0:00:34]} 29. f4 {[%clk 0:16:31]} Rc7 {[%clk
0:00:33]} 30. f5 {[%clk 0:16:15]} Bc6 {[%clk 0:00:45]} 31. Rd8 {[%clk 0:15:58]}
Nc8 {[%clk 0:00:43]} 32. Re6 {[%clk 0:13:41]} b5 {[%clk 0:00:34]} 33. Be5 {[%clk
0:13:45]} Rd7 {[%clk 0:00:35]} 34. Rxf8+ {[%clk 0:14:02]} 1-0

[Event "European Women's Championship"]
[Site "Vysoke Tatry"]
[Date "2018.04.09"]
[Round "2"]
[White "Osmak, Iulija"]
[Black "Gunina, Valentina"]
[Result "1/2-1/2"]
[Board "3"]
[WhiteElo "2361"]
[WhiteTitle "IM"]
[WhiteCountry "UKR"]
[WhiteFideId "14101602"]
[WhiteEloChange "4"]
[BlackElo "2507"]
[BlackTitle "GM"]
[BlackCountry "RUS"]
[BlackFideId "4167570"]
[BlackEloChange "-2"]

1. d4 {[%clk 1:30:57]} d5 {[%clk 1:30:50]} 2. c4 {[%clk 1:31:22]} e6 {[%clk
1:31:10]} 3. Nc3 {[%clk 1:31:49]} dxc4 {[%clk 1:31:28]} 4. e3 {[%clk 1:29:46]}
Nf6 {[%clk 1:30:59]} 5. Bxc4 {[%clk 1:30:05]} a6 {[%clk 1:31:14]} 6. a4 {[%clk
1:26:23]} c5 {[%clk 1:28:48]} 7. Nf3 {[%clk 1:19:04]} Be7 {[%clk 1:28:19]} 8. O-O
{[%clk 1:18:31]} O-O {[%clk 1:21:10]} 9. Qe2 {[%clk 1:15:23]} Nc6 {[%clk
1:18:03]} 10. dxc5 {[%clk 1:03:42]} Bxc5 {[%clk 1:18:00]} 11. e4 {[%clk 1:04:04]}
Qc7 {[%clk 1:16:53]} 12. Bg5 {[%clk 1:01:43]} Ng4 {[%clk 1:10:57]} 13. g3 {[%clk
0:59:59]} h6 {[%clk 1:09:46]} 14. Bf4 {[%clk 0:58:59]} e5 {[%clk 1:07:56]} 15.
Nd5 {[%clk 0:57:41]} Qd6 {[%clk 1:08:20]} 16. Be3 {[%clk 0:52:35]} Nxe3 {[%clk
0:59:32]} 17. Nxe3 {[%clk 0:41:10]} Bxe3 {[%clk 0:57:53]} 18. Qxe3 {[%clk
0:40:22]} Bg4 {[%clk 0:57:46]} 19. Bd5 {[%clk 0:38:47]} Nb4 {[%clk 0:55:36]} 20.
Bb3 {[%clk 0:32:54]} Rac8 {[%clk 0:55:36]} 21. Rac1 {[%clk 0:32:44]} Rfd8 {[%clk
0:53:28]} 22. Rfd1 {[%clk 0:27:57]} Qf6 {[%clk 0:52:17]} 23. Rxd8+ {[%clk
0:28:09]} Rxd8 {[%clk 0:52:28]} 24. Ne1 {[%clk 0:25:57]} Rd7 {[%clk 0:36:14]} 25.
f3 {[%clk 0:21:06]} Be6 {[%clk 0:36:30]} 26. Rd1 {[%clk 0:19:49]} Rxd1 {[%clk
0:30:27]} 27. Bxd1 {[%clk 0:20:15]} Qd8 {[%clk 0:30:53]} 28. Be2 {[%clk 0:17:04]}
Qa5 {[%clk 0:29:47]} 29. Qc3 {[%clk 0:16:30]} Qb6+ {[%clk 0:19:27]} 30. Kg2
{[%clk 0:16:44]} Nc6 {[%clk 0:19:55]} 31. Bd1 {[%clk 0:14:25]} Na5 {[%clk
0:11:53]} 32. Nc2 {[%clk 0:07:48]} Nb3 {[%clk 0:10:21]} 33. Nb4 {[%clk 0:04:45]}
Nd4 {[%clk 0:06:05]} 34. Nd3 {[%clk 0:05:03]} f6 {[%clk 0:05:30]} 35. Nc5 {[%clk
0:04:43]} Bf7 {[%clk 0:04:07]} 36. Nd3 {[%clk 0:01:16]} Qd8 {[%clk 0:04:07]} 37.
Nc5 {[%clk 0:01:00]} Qc7 {[%clk 0:04:07]} 38. Nd3 {[%clk 0:00:46]} Qd8 {[%clk
0:01:29]} 39. Nc5 {[%clk 0:00:58]} Qe7 {[%clk 0:01:12]} 40. Nd3 {[%clk 0:30:37]}
Kh7 {[%clk 0:31:01]} 41. Nc5 {[%clk 0:28:47]} Bh5 {[%clk 0:23:58]} 42. Nb3 {[%clk
0:24:19]} Ne6 {[%clk 0:23:46]} 43. Qd2 {[%clk 0:21:07]} Qc7 {[%clk 0:23:30]} 44.
Qc3 {[%clk 0:20:42]} Qd7 {[%clk 0:23:24]} 45. Nd2 {[%clk 0:20:09]} Nc5 {[%clk
0:21:55]} 46. b3 {[%clk 0:17:26]} Bf7 {[%clk 0:18:06]} 47. Be2 {[%clk 0:17:19]}
Qc6 {[%clk 0:18:05]} 48. b4 {[%clk 0:09:11]} Nxa4 {[%clk 0:18:30]} 49. Qxc6
{[%clk 0:09:37]} bxc6 {[%clk 0:18:57]} 50. Bxa6 {[%clk 0:10:04]} c5 {[%clk
0:19:24]} 51. bxc5 {[%clk 0:10:21]} Nxc5 {[%clk 0:19:52]} 1/2-1/2